书目信息 |
| 题名: |
哈佛沟通书
|
|
| 作者: | 斯通 , 佩顿 , 汉 著 ;张立芬 译 | |
| 分册: | ||
| 出版信息: | 北京 中国友谊出版公司 2005.01 |
|
| 页数: | 244页 | |
| 开本: | 23cm | |
| 丛书名: | ||
| 单 册: | ||
| 中图分类: | C912.1 | |
| 科图分类: | ||
| 主题词: | 人间交往--ren jian jiao wang--通俗读物 | |
| 电子资源: | ||
| ISBN: | 7-5057-2076-7 | |
| 000 | 01163nam0 2200289 450 | |
| 001 | 012008934317 | |
| 005 | 20080509112300.25 | |
| 010 | @a7-5057-2076-7@dCNY25.00 | |
| 100 | @a20080508d2005 em y0chiy0120 ea | |
| 101 | 1 | @achi@ceng |
| 102 | @aCN@b110000 | |
| 105 | @ay z 000yy | |
| 106 | @ar | |
| 200 | 1 | @a哈佛沟通书@Aha fo gou tong shu@f(美) 道格拉斯·斯通, 布鲁斯·佩顿, 希拉·汉著@F(mei)dao ge la si·si tong,bu lu si·pei dun,xi la·han zhu@g张立芬译@Gzhang li fen yi |
| 210 | @a北京@c中国友谊出版公司@d2005.01 | |
| 215 | @a244页@d23cm | |
| 312 | @a英文并列题名取自版权页 | |
| 330 | @a本书探究了是什么原因增加了对话的困难度,让我们逐步了解高难度对话的本质,有效率的进行高难度对话,它教你如何做好准备,以建设性的脚步引导对话进行。 | |
| 500 | 10 | @aDifficult conversations : how to discuss what matters most@mChinese |
| 606 | 0 | @a人间交往@Aren jian jiao wang@j通俗读物 |
| 690 | @aC912.1@v4 | |
| 701 | 1 | @a斯通@Asi tong@g(Stone, Douglas)@4著 |
| 701 | 1 | @a佩顿@Apei dun@g(Patton, Bruce)@4著 |
| 701 | 1 | @a汉@Ahan@g(Heen, Sheila)@4著 |
| 702 | 0 | @a张立芬@Azhang li fen@4译 |
| 801 | 0 | @aCN@bQSSK@c20080509 |
| 905 | @b706573-74@dC912.1@eS709@f2 | |
| 哈佛沟通书/(美) 道格拉斯·斯通, 布鲁斯·佩顿, 希拉·汉著/张立芬译.-北京:中国友谊出版公司,2005.01 |
| 244页;23cm |
| ISBN 7-5057-2076-7:CNY25.00 |
| 本书探究了是什么原因增加了对话的困难度,让我们逐步了解高难度对话的本质,有效率的进行高难度对话,它教你如何做好准备,以建设性的脚步引导对话进行。 |
| ● |
| 相关链接 |
|
|
|
正题名:哈佛沟通书
索取号:C912.1/S709
 
预约/预借
| 序号 | 登录号 | 条形码 | 馆藏地/架位号 | 状态 | 备注 |
| 1 | 706573 | 207065735 | 社科库509/509社科库 57排4列4层/ [索取号:C912.1/S709] | 在馆 | |
| 2 | 706574 | 207065744 | 社科库509/509社科库 57排4列4层/ [索取号:C912.1/S709] | 在馆 |